| 000 | nam a22 7a 4500 | ||
|---|---|---|---|
| 999 |
_c126463 _d126463 |
||
| 008 | 170519b xxu||||| |||| 00| 0 eng d | ||
| 050 | _aHC885.S5 1992 | ||
| 245 |
_aStructural adjustment in a socialist country: _bthe case of Tanzania _c/ edited by Ibrahim Shao |
||
| 260 |
_aHarare _bSapesbooks _c1992 |
||
| 300 |
_a46p. ; _c21cm. |
||
| 440 |
_aMonograph Series _nn.4 _930878 |
||
| 650 |
_aStructural adjustment ( Economic policy ) _xTanzania _930879 |
||
| 700 |
_aShao, Ibrahim _eed. _930880 |
||
| 942 |
_2lcc _cMONOGRAPH |
||